إقهر الخجل وإختبارات نفسيه متفرقة / (رقم التسجيلة. 247203)
[ عرض عادي ]
| 000 -الفاتح | |
|---|---|
| عناصر البيانات ثابتة الطول | 00916cam a2200253 i 4500 |
| 005 - تاريخ ووقت آخر معاملة | |
| حقل ضبط | 20251108191217.0 |
| 008 - عناصر البيانات ثابتة الطول | |
| عناصر البيانات ثابتة الطول | 251105q1995 le gr 000 0 ara d |
| 040 ## - مصدر الفهرسة | |
| هيئة الفهرسة الأصلية | JO-AmGAM |
| قواعد الوصف | rda |
| 041 1# - كود اللغة | |
| كود اللغة لنص/مسار صوت أو عنوان منفصل | ara |
| كود اللغة للأصل | fre |
| 082 14 - رقم تصنيف ديوي العشري | |
| رقم التصنيف | 131.32 |
| رقم المادة | س و ز |
| 100 1# - مدخل رئيسي – اسم شخصي | |
| الاسم الشخصي | سوزاريني، فرانسوا |
| علاقة الشخص بالعمل/ دوره | مؤلف. |
| 245 10 - بيان العنوان | |
| العنوان | إقهر الخجل وإختبارات نفسيه متفرقة / |
| بيان المسؤولية | تأليف فرنسوا سوزاريني ؛ ترجمة سمير شيخاني. |
| 250 ## - بيان الطبعة | |
| بيان الطبعة | الطبعة الثانية. |
| 264 31 - بيانات النشر، التوزيع…إلخ | |
| مكان النشر، التوزيع...إلخ | بيروت : |
| اسم الناشر، الموزع...إلخ | دار الجيل، |
| تاريخ النشر، التوزيع...إلخ | [بين 1995 و 1999]. |
| 300 ## - الوصف المادي | |
| عدد الوحدات المكونة للوعاء | 349 صفحة. |
| 336 ## - نوع المحتوى | |
| مصطلح نوع المحتوى | نص |
| كود نوع المحتوى | txt |
| المصدر | rdacontent |
| 337 ## - نوع الوسيط | |
| مصطلح نوع الوسيط | دون وسيط عرض |
| كود نوع الوسيط | n |
| المصدر | rdamedia |
| 338 ## - نوع الحامل | |
| مصطلح نوع الحامل | مجلد |
| كود نوع الحامل | nc |
| المصدر | rdacarrier |
| 650 17 - مدخل إضافي بالموضوع - مصطلح موضوعي | |
| مصطلح موضوعي أو اسم جغرافي كعنصر مدخل | الصحة النفسية. |
| 650 17 - مدخل إضافي بالموضوع - مصطلح موضوعي | |
| مصطلح موضوعي أو اسم جغرافي كعنصر مدخل | الخجل. |
| 700 1# - مدخل إضافي - اسم شخصي | |
| الاسم الشخصي | شيخاني، سمير |
| علاقة الشخص بالعمل/ دوره | مترجم. |
| 942 ## - بيانات إضافية (كوها) | |
| نوع التنصيف | Dewey Decimal Classification |
| نوع المادة (كوها) | كتب |
| حالة السحب | حالة الفقدان | مصدر التصنيف | حالة التلف | غير قابل للإعارة | المكتبة الرئيسية | المكتبة الحالية | موقع الرف | تاريخ التزويد | العملة | الرقم المتسلسل | Total Checkouts | رقم الإستدعاء | الباركود | تاريخ آخر ظهور | تاريخ الفاتورة | نوع المادة (كوها) |
|---|---|---|---|---|---|---|---|---|---|---|---|---|---|---|---|---|
| Dewey Decimal Classification | المكتبة المركزية | المكتبة المركزية | الإعارة | 05/11/2025 | JOD | 1600486 | 131.32 س و ز | PLD0031753 | 05/11/2025 | 05/11/2025 | كتب |